Les pays qui ont organisé le plus d'événements sportifs internationaux - Statistiques

Statistiques générales
  • Ce quiz a été pris 585 fois
    573 depuis la dernière actualisation
  • Le résultat moyen est 32 sur 41
Statistiques - réponses
Nombre d'organisations 1ère - dernière organisation Pays % Correct
13 1900 - 2017 France
100%
12 1904 - 2002 Etats-Unis
98%
5 1952 - 2018 Russie
98%
12 1936 - 2019 Allemagne
97%
10 1964 - 2020 Japon
97%
6 1950 - 2016 Brésil
95%
3 2008 - 2022 Chine
95%
5 1982 - 2014 Espagne
95%
8 1934 - 2018 Italie
95%
5 1950 - 2002 Argentine
94%
4 1956 - 2003 Australie
94%
4 1976 - 2010 Canada
94%
7 1908 - 2015 Royaume-Uni
94%
4 1968 - 1986 Mexique
93%
2 1995 - 2010 Afrique du Sud
92%
7 1912 - 2023 Suède
91%
2 1952 - 1994 Norvège
88%
4 1928 - 1986 Suisse
88%
4 1896 - 2004 Grèce
87%
3 1988 - 2018 Corée du Sud
85%
1 1952 Finlande
84%
1 2003 Portugal
84%
2 2014 - 2023 Pologne
83%
1 1920 Belgique
81%
2 1987 - 2011 Nouvelle-Zélande
80%
1 1928 Pays-Bas
80%
2 1964 - 1976 Autriche
77%
2 1959 - 1962 Chili
77%
2 1930 - 1967 Uruguay
75%
2 2015 - 2022 Qatar
73%
2 1978 - 2019 Danemark
72%
1 1970 Serbie
69%
1 1982 Colombie
63%
4 1949 - 1990 République Tchèque
61%
1 2010 Turquie
58%
1 1984 Bosnie-Herzégovine
57%
1 2009 Croatie
56%
2 1970 - 2018 Bulgarie
39%
1 1995 Islande
38%
1 2005 Tunisie
22%
1 1978 Philippines
16%
Aucun quiz correspondant
Distribution des résultats
% des personnes avec chaque résultat
Percentile par nombre de réponses
Votre historique - résultats
Vous n’avez pas pris ce quiz depuis la dernière actualisation